000 01011cam a22003015a 4500
001 016859406
005 20201128021455.0
008 140903t2015 enka frbd 001 0 eng d
020 _a9781292060521
020 _a1292060522
040 _aUk
_beng
_cUk
_dEG-ScBUE
_dEG-ScBUE
082 0 4 _222
_a657.0285
_bROM
100 1 _aRomney, Marshall B.
_936456
245 1 0 _aAccounting information systems /
_cMarshall B. Romney, Paul John Steinbart.
250 _a13th ed., Global ed.
260 _aHarlow :
_bPearson Education Limited,
_cc.2015.
300 _a734 p. :
_bill. (col.) ;
_c28 cm.
500 _aIndex : p. 723-734.
500 _aGlossary : p. 702-722.
504 _aIncludes bibliographical references.
650 7 _2BUEsh
_aInformation storage and retrieval systems
_xAccounting.
_91544
650 7 _aAccounting
_xData processing.
_2BUEsh
_919144
651 _2BUEsh
653 _bBUSADM
_cAugust2015
653 _bBUSECO
_cDecember2016
700 1 _aSteinbart, Paul John.
_936457
942 _2ddc
999 _c20466
_d20438